Optical Networking & WDM

Wedi'i Gadw mewn:
Manylion Llyfryddiaeth
Prif Awdur: Walter Goralski
Fformat: Llyfr
Iaith:Undetermined
Cyhoeddwyd: New York McGraw Hill 2001
Tagiau: Ychwanegu Tag
Dim Tagiau, Byddwch y cyntaf i dagio'r cofnod hwn!
Thư viện lưu trữ: Trung tâm Học liệu Trường Đại học Cần Thơ
LEADER 00400nam a2200157Ia 4500
001 CTU_64553
008 210402s9999 xx 000 0 und d
020 |b 863000 
082 |a 621.3827 
082 |b G661 
100 |a Walter Goralski 
245 0 |a Optical Networking & WDM 
260 |a New York 
260 |b McGraw Hill 
260 |c 2001 
980 |a Trung tâm Học liệu Trường Đại học Cần Thơ